| 000 | 00808nam a22002537a 4500 | ||
|---|---|---|---|
| 003 | DO-SdBNP | ||
| 005 | 20151120123500.0 | ||
| 008 | 151120b 1991 sp xxu||||| |||| 00| 0 spa d | ||
| 020 | _a8426320007 | ||
| 040 |
_aBPMSU _bspa _cBPMSU |
||
| 092 |
_axxxxxx _bxxxxxx |
||
| 100 | 1 | _aBuffetaut, Eric | |
| 240 | 1 | 0 |
_a Animaux préhistoriques. _lEspañol |
| 245 | 1 | 0 |
_aLos animales prehistóricos / _cÉric Buffetaut y Jean-Jacques Hublin dibujos ; dibujos William Fraschini. |
| 260 |
_aZaragoza : _bEdelvives, _c1991. |
||
| 300 |
_a69 p. : _bil. ; _c27 cm. |
||
| 490 | 1 | _aPreguntas/respuestas junior | |
| 700 | 1 | 2 | _aHublin, Jean-Jacques |
| 700 | 1 | 2 |
_aFraschini, William, _eil. |
| 830 | 0 | _aPreguntas/respuestas junior | |
| 910 | _a00260 | ||
| 942 |
_2ddc _cBK |
||
| 956 |
_aLorenza Pérez _b10 _iBPMSU |
||
| 999 |
_c8846 _d8846 |
||